000 01146pam a2200337 a 4500
999 _c7529
_d7529
001 7529
003 BD-JhCC
005 20180211115313.0
008 831014s1984 caua b 001 0 eng
020 _a0534030947 (pbk.) :
_c$18.00
035 _a(BD-JhCC)7529
040 _aDLC
_cDLC
_dDLC
_dBD-JhCC
041 _aeng
050 0 0 _aJK271
_b.P8 1984
082 0 0 _a361.6/1/0973
_219
_bPUB 1984
245 0 0 _aPublic policy and politics in America /
_cJames E. Anderson ... [et al.].
250 _a2nd ed.
260 _aMonterey, Calif. :
_bBrooks/Cole Pub. Co.,
_cc1984.
300 _axiv, 422 p. :
_bill. ;
_c24 cm.
440 4 _aThe Brooks/Cole series on public policy
500 _aRev. ed. of: Public policy and politics in America / James E. Anderson. c1978.
504 _aIncludes bibliographies and index.
650 0 _aPolicy sciences.
651 0 _aUnited States
_xPolitics and government.
651 0 _aUnited States
_xEconomic policy.
651 0 _aUnited States
_xSocial policy.
700 1 _aAnderson, James E.
700 1 _aAnderson, James E.
_tPublic policy and politics in America.
942 _2ddc
_cBK